History Quiz

Random History Quiz

Civil Rights Tattoos Quiz Stats

 Plays Quiz not verified by Sporcle

Score 0/10 Timer 05:00
0 Plays Today
% Correct
Martin Luther King Jr.
97.5%
Muhammad Ali
95.8%
Bob Marley
95.8%
Malcolm X
91.6%
Rosa Parks
91.6%
Marcus Garvey
88.2%
Huey Newton
84%
Nelson Mandela
82.4%
Black Panthers
82.4%
Tommie Smith & John Carlos
77.3%

You're not logged in!

Compare scores with friends on all Sporcle quizzes.
OR
Log In

Sporcle TV

Today on Sporcle TV


Watch our educational content, quiz creation guides, and fun videos on Sporcle TV.

Show Comments

Extras

Top Quizzes Today


Score Distribution

Your Account Isn't Verified!

In order to create a playlist on Sporcle, you need to verify the email address you used during registration. Go to your Sporcle Settings to finish the process.

Report this User

Report this user for behavior that violates our Community Guidelines.

Details: